• 首页
  • 本馆介绍
  • 公告通知
  • 最新文献
  • 馆藏检索
  • 电子资源
  • 读者导购
  • 参考咨询
  • 我的图书馆
  • 登录
  • 详细信息显示
  • 放入我的书架
  • 预约/预借图书
  • 作者相关作品
  • 分类相关作品
  • 丛书相关作品
  • 出版社相关作品

书目信息

  • 表格格式
  • 工作单格式
  • 卡片格式
题名:
篮球对抗技术
    
 
作者: 于振峰 , 柳永青 著
分册:  
出版信息: 北京   人民体育出版社  2001
页数: 286页
开本: 19cm
丛书名:
单 册:
中图分类: G841.19
科图分类:
主题词: 篮球运动--运动技术
电子资源:
ISBN: 7-5009-2087-3
000 00604nam0 2200205 45
001 0311111530
005 20031219104121.2
010    @a7-5009-2087-3@dCNY14.00
100    @a20031111d2001 km y0chiy0120 ea
101 0  @achi
105    @aa z 000yy
200 1  @a篮球对抗技术@ALan Qiu Dui Kang Ji Shu@f于振峰,柳永青著@FYu Zhen Feng,Liu Yong Qing Zhu
210    @a北京@c人民体育出版社@d2001
215    @a286页@c插图@d19cm
606 0  @a篮球运动@x运动技术
690    @aG841.19@v4
701  0 @a于振峰@4著
701  0 @a柳永青@4著
801    @aCN@bTSTC@c20031111
905    @a213230@b327834-838@dG841.19@e121@f5
    
    篮球对抗技术/于振峰,柳永青著.-北京:人民体育出版社,2001
    286页:插图;19cm
    
    
    ISBN 7-5009-2087-3:CNY14.00
    
●
相关链接 在E读中查询图书 在五车中查询图书 在当当中查询图书 在豆瓣中查询图书


正题名:篮球对抗技术     索取号:G841.19/121         预约/预借

序号 登录号 条形码 馆藏地/架位号 状态 备注
1 0327834   203278345   第四借阅区/ [索取号:G841.19/121] 在馆    
2 0327835   203278354   密集书库/ [索取号:G841.19/121] 在馆    
3 0327836   203278363   密集书库/ [索取号:G841.19/121] 在馆    
4 0327837   203278372   密集书库/ [索取号:G841.19/121] 在馆    
5 0327838   203278381   第一样本阅览室/ [索取号:G841.19/121] 在馆    
6 0332000   203320003   第四借阅区/ [索取号:G841.19/121] 在馆    
7 0332001   203320012   密集书库/ [索取号:G841.19/121] 在馆    
8 0332002   203320021   第四借阅区/ [索取号:G841.19/121] 在馆    
9 0332003   203320030   第四借阅区/ [索取号:G841.19/121] 在馆    
10 0332004   203320049   密集书库/ [索取号:G841.19/121] 在馆    
唐山师范学院图书馆 欢迎您!
大连网信软件有限公司© 版权所有